Sprache im Alltag : ein Konversationsbuch für Fortgeschrittene /
Uložené v:
| Hlavní autori: | , |
|---|---|
| Médium: | Kniha |
| Jazyk: | German Slovak |
| Vydané: |
Bratislava :
Slovenské pedagogické nakladateľstvo,
1998
|
| Vydanie: | 1. vyd. |
| Témy: | |
| ISBN: |
8008026456 (brož.) |
| Fyzický popis: |
252 s. : čb. fotogr., il., mp. ; 29 cm |
| Tagy: |
Pridať tag
Žiadne tagy, Buďte prvý kto otaguje tento záznam!
|
Titul je dostupný aj v ... 

MARC
| LEADER | 00000nam a2200000 a 4500 | ||
|---|---|---|---|
| 001 | 000021021 | ||
| 005 | 20060607121502.0 | ||
| 008 | 060403s1998 xo ab e bd 000 0 gero | ||
| 020 | |a 8008026456 (brož.) | ||
| 040 | |a SVKKK |b slo |c SVKKK |e AACR2 | ||
| 041 | 0 | |a ger |a slo | |
| 044 | |a xo |c SK | ||
| 072 | 7 | |a 811.112.2 |x Nemčina |2 konspekt | |
| 080 | |a 811.112.2 |2 1997 | ||
| 080 | |a 81`24 |2 1997 | ||
| 080 | |a (035) |2 1997 | ||
| 100 | 1 | |a Kanisová, Zdenka |4 aut | |
| 245 | 1 | 0 | |a Sprache im Alltag : |b ein Konversationsbuch für Fortgeschrittene / |c Zdenka Kanisová, Manfred Richter |
| 250 | |a 1. vyd. | ||
| 260 | |a Bratislava : |b Slovenské pedagogické nakladateľstvo, |c 1998 | ||
| 300 | |a 252 s. : |b čb. fotogr., il., mp. ; |c 29 cm | ||
| 500 | |a Čiast. text slov. | ||
| 504 | |a Slovník. Bibliografia s. 252 | ||
| 650 | 0 | 7 | |a nemčina |2 SVKKKPH |
| 650 | 0 | 7 | |a konverzácia |2 SVKKKPH |
| 655 | 7 | |a príručky |2 SVKKKPH | |
| 700 | 1 | |a Richter, Manfred |4 aut | |
| 919 | |a 80-08-02645-6 | ||
| 998 | |a BK | ||
| 090 | |g SCKHL |k Sklad Pribinova 3. posch. |a V.202318 |j 919262 |i 2720145431 |s Absenčne | ||
| 090 | |g SCKHL |k Sklad Hlavná 10 prízemie |a V.215030 |j 977637 |i 2720032134 |s Absenčne | ||